Statistiken für Bezirke Österreichs, die an Italien grenzen

Klicken Sie hier um das Quiz zu spielen!

Allgemein

  • Dieses Quiz wurde 53 mal gespielt
  • Das Durchschnittsergebnis liegt bei 7 aus 8

Antwortstatistiken

BundeslandLängeBezirk% Korrekt
Tirol45.6 kmInnsbruck-Land
98%
Kärnten19.6 kmVillach-Land
91%
Tirol61.9 kmImst
85%
Tirol47.2 kmSchwaz
83%
Tirol96.1 kmLienz
81%
Salzburg9.08 kmZell am See
81%
Kärnten76.8 kmHermagor
79%
Tirol31.6 kmLandeck
74%

Verteilung der Resultate

Perzentil nach korrekt beantworteten Fragen

Anzahl Personen mit jedem Resultat

Ihre Resultats-Entwicklung

Sie haben dieses Quiz noch nicht gespielt